|
|
|
|
| LEADER |
01193nam a22002537a 4500 |
| 001 |
4485 |
| 003 |
BD-DhAAL |
| 005 |
20241125104517.0 |
| 008 |
141117s1907 ii ||||| |||| 00| 1 ben d |
| 040 |
|
|
|a BD-DhAAL
|c BD-DhAAL
|
| 082 |
|
|
|2 22
|a 891.4437
|
| 100 |
|
|
|a ঠাকুর, রবীন্দ্রনাথ
|9 3812
|
| 245 |
|
|
|a রবীন্দ্র-রচনাবলী.
|p অচলিত সংগ্রহ :
|n প্রথম খণ্ড /
|c রবীন্দ্রনাথ ঠাকুর.
|
| 246 |
|
|
|a রবীন্দ্র রচনাবলী
|
| 260 |
|
|
|a কলিকাতা :
|b বিশ্বভারতী,
|c ১৯০৭.
|
| 300 |
|
|
|a ৫৫৩ পৃষ্ঠা ;
|c ২৪ সে. মি.
|
| 362 |
|
|
|a Vol. 1
|
| 541 |
|
|
|e 4493
|
| 600 |
|
|
|a Tagore, Rabindranath,
|x Fiction.
|y 1861-1941
|9 2544
|
| 600 |
|
|
|a ঠাকুর, রবীন্দ্রনাথ
|x রচনাবলী
|y ১৮৬১-১৯৪১
|9 2545
|
| 852 |
|
|
|a Ayesha Abed Library
|c General Stacks
|
| 942 |
|
|
|2 ddc
|c BK
|
| 999 |
|
|
|c 33045
|d 33045
|
| 952 |
|
|
|0 0
|1 0
|2 ddc
|4 0
|6 891_443700000000000_TAG
|7 0
|9 44058
|a BRACUL
|b BRACUL
|c GEN
|d 2014-11-17
|g 86.00
|l 0
|o 891.4437 TAG
|p 3010004485
|r 2014-11-17
|t 1
|w 2014-11-17
|y BK
|